<?xml version="1.0" encoding="UTF-8"?>
<collection xmlns="http://www.loc.gov/MARC21/slim">
    <record>
        <controlfield tag="001">60412</controlfield>
        <controlfield tag="005">20190201085224.0</controlfield>
        <datafield tag="024" ind1="7" ind2=" ">
            <subfield code="2">doi</subfield>
            <subfield code="a">10.19044/esj.2017.v13n1p89</subfield>
        </datafield>
        <datafield tag="024" ind1="8" ind2=" ">
            <subfield code="2">sideral</subfield>
            <subfield code="a">97795</subfield>
        </datafield>
        <datafield tag="037" ind1=" " ind2=" ">
            <subfield code="a">ART-2017-97795</subfield>
        </datafield>
        <datafield tag="041" ind1=" " ind2=" ">
            <subfield code="a">spa</subfield>
        </datafield>
        <datafield tag="100" ind1=" " ind2=" ">
            <subfield code="0">(orcid)0000-0003-3704-3533</subfield>
            <subfield code="a">Serrano Pastor, Rosa María</subfield>
            <subfield code="u">Universidad de Zaragoza</subfield>
        </datafield>
        <datafield tag="245" ind1=" " ind2=" ">
            <subfield code="a">Acercar la flipped classroom al aula de música universitaria mediante el uso de aplicaciones para realizar y gestionar vídeos. Percepción y valoración de los estudiantes</subfield>
        </datafield>
        <datafield tag="260" ind1=" " ind2=" ">
            <subfield code="c">2017</subfield>
        </datafield>
        <datafield tag="506" ind1="0" ind2=" ">
            <subfield code="a">Access copy available to the general public</subfield>
            <subfield code="f">Unrestricted</subfield>
        </datafield>
        <datafield tag="520" ind1="3" ind2=" ">
            <subfield code="a">En la actualidad es muy común que la enseñanza universitaria sea eminentemente expositiva, siendo necesario cambiar este enfoque para conseguir mayor dinamismo y motivación. En este artículo se describe un proyecto cuyo objetivo es integrar el enfoque pedagógico Flipped Classroom en la educación musical universitaria a través de la utilización de aplicaciones tecnológicas para realizar y gestionar vídeos. Se presenta la metodología del proyecto y enumeran las herramientas TIC utilizadas en el mismo indicando sus principales características. Mediante el análisis de dos cuestionarios diferentes, uno previo y otro posterior al proyecto, efectuados a los estudiantes universitarios, se conoce la experiencia inicial y la percepción que tienen ante las TIC y el enfoque Flipped Classroom y se examina la utilidad de las herramientas empleadas para llevar a cabo dicha metodología. Los datos ofrecidos por el alumnado muestran que los recursos tecnológicos utilizados han favorecido la autonomía, el trabajo continuado, la motivación del alumnado y la profundización en los contenidos de las asignaturas. Se destaca el beneficio de estos recursos tecnológicos para la puesta en práctica del enfoque Flipped Classroom, valorándose como una metodología activa que optimiza el proceso educativo universitario.</subfield>
        </datafield>
        <datafield tag="540" ind1=" " ind2=" ">
            <subfield code="9">info:eu-repo/semantics/openAccess</subfield>
            <subfield code="a">by</subfield>
            <subfield code="u">http://creativecommons.org/licenses/by/3.0/es/</subfield>
        </datafield>
        <datafield tag="655" ind1=" " ind2="4">
            <subfield code="a">info:eu-repo/semantics/article</subfield>
            <subfield code="v">info:eu-repo/semantics/publishedVersion</subfield>
        </datafield>
        <datafield tag="700" ind1=" " ind2=" ">
            <subfield code="0">(orcid)0000-0002-8263-3447</subfield>
            <subfield code="a">Casanova López, Oscar</subfield>
            <subfield code="u">Universidad de Zaragoza</subfield>
        </datafield>
        <datafield tag="710" ind1="2" ind2=" ">
            <subfield code="1">3001</subfield>
            <subfield code="2">189</subfield>
            <subfield code="a">Universidad de Zaragoza</subfield>
            <subfield code="b">Dpto. Expres.Music.Plást.Corp.</subfield>
            <subfield code="c">Área Didáctica Expres. Musical</subfield>
        </datafield>
        <datafield tag="773" ind1=" " ind2=" ">
            <subfield code="g">13, 1 (2017), 89-101</subfield>
            <subfield code="p">Eur. Sci. J. (Kocani)</subfield>
            <subfield code="t">European Scientific Journal (Kocani)</subfield>
            <subfield code="x">1857-7881</subfield>
        </datafield>
        <datafield tag="856" ind1="4" ind2=" ">
            <subfield code="s">1126251</subfield>
            <subfield code="u">http://zaguan.unizar.es/record/60412/files/texto_completo.pdf</subfield>
            <subfield code="y">Versión publicada</subfield>
        </datafield>
        <datafield tag="856" ind1="4" ind2=" ">
            <subfield code="s">82125</subfield>
            <subfield code="u">http://zaguan.unizar.es/record/60412/files/texto_completo.jpg?subformat=icon</subfield>
            <subfield code="x">icon</subfield>
            <subfield code="y">Versión publicada</subfield>
        </datafield>
        <datafield tag="909" ind1="C" ind2="O">
            <subfield code="o">oai:zaguan.unizar.es:60412</subfield>
            <subfield code="p">articulos</subfield>
            <subfield code="p">driver</subfield>
        </datafield>
        <datafield tag="951" ind1=" " ind2=" ">
            <subfield code="a">2019-02-01-08:43:50</subfield>
        </datafield>
        <datafield tag="980" ind1=" " ind2=" ">
            <subfield code="a">ARTICLE</subfield>
        </datafield>
    </record>

    
</collection>